[Event "Sherbrooke Perpetuelles 1-6"]
[Site "Sherbrooke CAN"]
[Date "2004.09.10"]
[Round "1"]
[White "Germain, Benoit"]
[Black "Benoit, Andre"]
[Result "1-0"]
[WhiteElo "1539"]
[BlackElo "1384"]
[PlyCount "41"]
[GameId "2160767911217398"]
[EventDate "2004.??.??"]
[EventType "swiss"]
[EventRounds "6"]
[EventCountry "CAN"]
[SourceTitle "EXT 2006"]
[Source "ChessBase"]
[SourceDate "2005.11.24"]
[SourceVersion "1"]
[SourceVersionDate "2005.11.24"]
[SourceQuality "1"]

1. Nf3 d5 2. d4 c5 3. e3 Nc6 4. c4 Nf6 5. Nc3 Bg4 6. cxd5 Nxd5 7. Bb5 e6 8. Qa4 Bxf3 9. Bxc6+ bxc6 10. Qxc6+ Ke7 11. gxf3 Rc8 12. Qa4 Qb6 13. O-O f6 14. e4 Nb4 15. dxc5 Qb7 16. Rd1 Rxc5 17. Be3 Rc6 18. a3 Na6 19. Bxa7 Kf7 20. Rd8 Rd6 21. Qe8+ 1-0

[Event "Sherbrooke Perpetuelles 1-6"]
[Site "Sherbrooke CAN"]
[Date "2004.09.10"]
[Round "1"]
[White "Germain, Emile"]
[Black "Courteau, Bernard"]
[Result "1/2-1/2"]
[WhiteElo "1517"]
[BlackElo "1574"]
[PlyCount "134"]
[GameId "2160767911217399"]
[EventDate "2004.??.??"]
[EventType "swiss"]
[EventRounds "6"]
[EventCountry "CAN"]
[SourceTitle "EXT 2006"]
[Source "ChessBase"]
[SourceDate "2005.11.24"]
[SourceVersion "1"]
[SourceVersionDate "2005.11.24"]
[SourceQuality "1"]

1. e4 e5 2. Nf3 Nc6 3. Bc4 Nf6 4. Nc3 Bc5 5. d3 d6 6. Bg5 Be6 7. Nd5 h6 8. Bxf6 gxf6 9. Nh4 Nb4 10. c3 Nxd5 11. exd5 Bd7 12. O-O Qe7 13. d4 Bb6 14. Bd3 O-O-O 15. Nf5 Qf8 16. a4 c6 17. a5 Bc7 18. a6 b6 19. Qf3 c5 20. dxc5 bxc5 21. b4 Bb6 22. bxc5 Bxc5 23. Rab1 Bb6 24. Qe2 Kc7 25. Bc2 Rc8 26. Ne3 Rg8 27. Kh1 Qg7 28. Rg1 Qg5 29. Nc4 Qg4 30. f3 Qf4 31. Nxb6 axb6 32. Ra1 Kb8 33. a7+ Ka8 34. Qa6 Qc4 35. Qxb6 Qc5 36. Qb1 Rc7 37. Bf5 Rgc8 38. Bxd7 Rxd7 39. Rc1 Qxd5 40. Rd1 Qc6 41. Rd3 f5 42. Qd1 e4 43. fxe4 fxe4 44. Re3 f5 45. Qd4 d5 46. g3 h5 47. h4 Rg8 48. Kh2 Rdg7 49. Rf1 Qd6 50. Rf4 Rg4 51. Rxg4 Rxg4 52. c4 Rxh4+ 53. Kg2 Rg4 54. Qxd5+ Qxd5 55. cxd5 Kxa7 56. Rb3 f4 57. d6 f3+ 58. Kf2 h4 59. gxh4 Rg2+ 60. Kf1 Rd2 61. Re3 Rxd6 62. Rxe4 Rf6 63. Kf2 Kb6 64. h5 Kc5 65. Rh4 Kd5 66. h6 Rf8 67. h7 Rh8 1/2-1/2

[Event "Sherbrooke Perpetuelles 1-6"]
[Site "Sherbrooke CAN"]
[Date "2004.09.10"]
[Round "1"]
[White "Jolin, Fernand"]
[Black "Grenier, Jean-Pierre"]
[Result "1/2-1/2"]
[WhiteElo "1441"]
[BlackElo "1586"]
[PlyCount "127"]
[GameId "2160767911217400"]
[EventDate "2004.??.??"]
[EventType "swiss"]
[EventRounds "6"]
[EventCountry "CAN"]
[SourceTitle "EXT 2006"]
[Source "ChessBase"]
[SourceDate "2005.11.24"]
[SourceVersion "1"]
[SourceVersionDate "2005.11.24"]
[SourceQuality "1"]

1. Nf3 b6 2. g3 Bb7 3. Bg2 g6 4. d4 Nf6 5. c3 Bg7 6. Bg5 O-O 7. Bxf6 Bxf6 8. O-O d6 9. Nbd2 Nd7 10. e4 e5 11. d5 Ba6 12. c4 b5 13. b3 bxc4 14. Nxc4 Nc5 15. Qc2 Bg7 16. Rfe1 f5 17. Nfd2 f4 18. b4 fxg3 19. fxg3 Nd7 20. a4 Nb6 21. b5 Nxc4 22. Nxc4 Bc8 23. Na5 Bd7 24. Nc6 Qg5 25. Qc1 Bh6 26. Qxg5 Bxg5 27. h4 Bd2 28. Rf1 Bxc6 29. dxc6 Be3+ 30. Kh2 Rf2 31. Rxf2 Bxf2 32. Bf3 Rf8 33. Kg2 Bd4 34. Ra2 Kf7 35. Bg4 Ke7 36. a5 d5 37. exd5 Kd6 38. Be6 Rb8 39. b6 axb6 40. axb6 Bxb6 41. Kh3 Re8 42. Kg4 Rxe6 43. dxe6 Kxc6 44. Rd2 Bd4 45. Ra2 Kd6 46. Ra6+ Bb6 47. Ra8 Kxe6 48. Rh8 h5+ 49. Kg5 Bf2 50. Kxg6 Bxg3 51. Rxh5 c5 52. Kg5 c4 53. Rh8 Kd5 54. h5 c3 55. Rc8 Kd4 56. Kg4 Bf4 57. Kf3 Kd3 58. Rd8+ Kc2 59. Ke2 Kb1 60. Rb8+ Kc1 61. Rb3 Kc2 62. Rb4 Bd2 63. Re4 Bf4 64. Rb4 1/2-1/2

[Event "Sherbrooke Perpetuelles 1-6"]
[Site "Sherbrooke CAN"]
[Date "2004.09.10"]
[Round "1"]
[White "Ouellet-Lahaie, Didier"]
[Black "Saziouk, Alexandre"]
[Result "1-0"]
[WhiteElo "1667"]
[BlackElo "1749"]
[PlyCount "90"]
[GameId "2160767911217402"]
[EventDate "2004.??.??"]
[EventType "swiss"]
[EventRounds "6"]
[EventCountry "CAN"]
[SourceTitle "EXT 2006"]
[Source "ChessBase"]
[SourceDate "2005.11.24"]
[SourceVersion "1"]
[SourceVersionDate "2005.11.24"]
[SourceQuality "1"]

1. e4 c5 2. Nc3 d6 3. g3 Nc6 4. Bg2 g6 5. d3 Bg7 6. f4 Nf6 7. h3 Nh5 8. Nge2 Bxc3+ 9. bxc3 e5 10. O-O Ng7 11. Be3 Bd7 12. fxe5 Nxe5 13. Bh6 O-O 14. Nf4 Bc6 15. c4 Qd7 16. Qd2 f6 17. Ne2 Rf7 18. Bxg7 Kxg7 19. g4 Raf8 20. Ng3 Qc8 21. Rf4 Bd7 22. Raf1 a6 23. Ne2 g5 24. R4f2 h6 25. Ng3 b5 26. cxb5 axb5 27. c3 Qa6 28. d4 Nc4 29. Qd3 Be6 30. Nh5+ Kh8 31. Nxf6 Nb2 32. Qc2 Bc4 33. e5 Nd3 34. Bd5 dxe5 35. Bxf7 Rxf7 36. dxe5 Qe6 37. Ne4 Nf4 38. Rxf4 Rxf4 39. Rxf4 gxf4 40. Nd2 Bxa2 41. Qe4 Qf7 42. c4 bxc4 43. Qa8+ Kg7 44. Qxa2 c3 45. Qxf7+ Kxf7 1-0

[Event "Sherbrooke Perpetuelles 1-6"]
[Site "Sherbrooke CAN"]
[Date "2004.09.10"]
[Round "1"]
[White "Pilotte, Benoit"]
[Black "Laframboise, Marc-Andre"]
[Result "0-1"]
[WhiteElo "1798"]
[BlackElo "2236"]
[PlyCount "70"]
[GameId "2160767911217403"]
[EventDate "2004.??.??"]
[EventType "swiss"]
[EventRounds "6"]
[EventCountry "CAN"]
[SourceTitle "EXT 2006"]
[Source "ChessBase"]
[SourceDate "2005.11.24"]
[SourceVersion "1"]
[SourceVersionDate "2005.11.24"]
[SourceQuality "1"]

1. d4 d5 2. e4 dxe4 3. Nc3 Bf5 4. f3 exf3 5. Nxf3 Nf6 6. Bc4 e6 7. Qe2 c6 8. Bg5 Be7 9. h3 Nbd7 10. g4 Bg6 11. O-O-O Nd5 12. Nxd5 cxd5 13. Bxe7 Qxe7 14. Bb5 a6 15. Ba4 b5 16. Bb3 Be4 17. Rh2 Bxf3 18. Qxf3 Nf6 19. Kb1 Ne4 20. c4 bxc4 21. Bxc4 O-O 22. Bd3 f5 23. gxf5 exf5 24. Bc2 a5 25. Ba4 Rac8 26. Bb3 Qd6 27. Rg2 Rc7 28. h4 Kh8 29. Qf1 Qb4 30. Qa6 Rfc8 31. Rc2 Rxc2 32. Bxc2 Nc3+ 33. Ka1 Rb8 34. Bb3 Nxd1 35. Qa7 Ne3 0-1

[Event "Sherbrooke Perpetuelles 1-6"]
[Site "Sherbrooke CAN"]
[Date "2004.09.10"]
[Round "1"]
[White "Veronneau, Daniel"]
[Black "Robitaille, Michael"]
[Result "1-0"]
[WhiteElo "1167"]
[BlackElo "976"]
[PlyCount "52"]
[GameId "2160767911217405"]
[EventDate "2004.??.??"]
[EventType "swiss"]
[EventRounds "6"]
[EventCountry "CAN"]
[SourceTitle "EXT 2006"]
[Source "ChessBase"]
[SourceDate "2005.11.24"]
[SourceVersion "1"]
[SourceVersionDate "2005.11.24"]
[SourceQuality "1"]

1. e4 e5 2. Nf3 Nc6 3. Bc4 Bc5 4. Nc3 Nge7 5. d3 d6 6. Be3 Bd7 7. O-O O-O 8. Nd5 a6 9. Nd2 h6 10. f4 exf4 11. Bxc5 dxc5 12. Nxf4 Nd4 13. c3 Ne6 14. Qf3 Nxf4 15. Qxf4 Ng6 16. Bxf7+ Kh7 17. Bxg6+ Kxg6 18. Qg3+ Qg5 19. Qxc7 Rad8 20. Nc4 b5 21. Ne5+ Kh7 22. Nxd7 Rf7 23. Rxf7 Qe3+ 24. Kh1 Qxd3 25. Qxd8 Qc2 26. Raf1 Qxb2 1-0

[Event "Sherbrooke Perpetuelles 1-6"]
[Site "Sherbrooke CAN"]
[Date "2004.09.17"]
[Round "2"]
[White "Belzil, Julien"]
[Black "Veronneau, Daniel"]
[Result "1-0"]
[WhiteElo "1327"]
[BlackElo "1167"]
[PlyCount "65"]
[GameId "2160767911217406"]
[EventDate "2004.??.??"]
[EventType "swiss"]
[EventRounds "6"]
[EventCountry "CAN"]
[SourceTitle "EXT 2006"]
[Source "ChessBase"]
[SourceDate "2005.11.24"]
[SourceVersion "1"]
[SourceVersionDate "2005.11.24"]
[SourceQuality "1"]

1. c4 e5 2. e4 Nf6 3. Nc3 Bc5 4. Nf3 Ng4 5. d4 exd4 6. Nxd4 Nxf2 7. Kxf2 Qf6+ 8. Qf3 Bxd4+ 9. Be3 Nc6 10. Qxf6 Bxf6 11. Nd5 Be5 12. Rb1 O-O 13. Bd3 d6 14. Nxc7 Rb8 15. Rhe1 f5 16. Kg1 Nb4 17. Bf1 fxe4 18. Bxa7 Bf5 19. Bxb8 e3 20. Rbd1 Bc2 21. Ba7 Bxd1 22. Rxd1 Bf4 23. Nd5 e2 24. Bxe2 Rf5 25. Nxf4 Rxf4 26. Rxd6 Nxa2 27. Bf3 Nb4 28. Bxb7 h6 29. Bd5+ Kh8 30. Rd8+ Kh7 31. Bg8+ Kg6 32. Bf2 Rf6 33. c5 1-0

[Event "Sherbrooke Perpetuelles 1-6"]
[Site "Sherbrooke CAN"]
[Date "2004.09.17"]
[Round "2"]
[White "Benoit, Andre"]
[Black "Viens, Nicolas"]
[Result "1-0"]
[WhiteElo "1384"]
[BlackElo "1340"]
[PlyCount "71"]
[GameId "2160767911217407"]
[EventDate "2004.??.??"]
[EventType "swiss"]
[EventRounds "6"]
[EventCountry "CAN"]
[SourceTitle "EXT 2006"]
[Source "ChessBase"]
[SourceDate "2005.11.24"]
[SourceVersion "1"]
[SourceVersionDate "2005.11.24"]
[SourceQuality "1"]

1. f4 d5 2. Nf3 Nc6 3. d4 Nf6 4. h3 e6 5. e3 Be7 6. Bb5 O-O 7. O-O Ne4 8. Bxc6 bxc6 9. Ne5 Bb7 10. Bd2 f6 11. Ng4 Rb8 12. b3 c5 13. Nc3 cxd4 14. exd4 c5 15. Nxe4 dxe4 16. Be3 Qc7 17. c4 Rbd8 18. f5 e5 19. d5 Rd7 20. Nf2 g6 21. Qg4 Kf7 22. Nxe4 Ke8 23. fxg6 hxg6 24. Qxg6+ Kd8 25. Bh6 Re8 26. Nxf6 Bxf6 27. Qxf6+ Kc8 28. Rad1 Rd6 29. Qg5 Kb8 30. Rf8 Red8 31. Rdf1 R6d7 32. Rxd8+ Rxd8 33. Rf8 Rxf8 34. Bxf8 Bc8 35. Qf6 Bd7 36. Bd6 1-0

[Event "Sherbrooke Perpetuelles 1-6"]
[Site "Sherbrooke CAN"]
[Date "2004.09.17"]
[Round "2"]
[White "Germain, Emile"]
[Black "Jolin, Fernand"]
[Result "0-1"]
[WhiteElo "1517"]
[BlackElo "1441"]
[PlyCount "108"]
[GameId "2160767911217410"]
[EventDate "2004.??.??"]
[EventType "swiss"]
[EventRounds "6"]
[EventCountry "CAN"]
[SourceTitle "EXT 2006"]
[Source "ChessBase"]
[SourceDate "2005.11.24"]
[SourceVersion "1"]
[SourceVersionDate "2005.11.24"]
[SourceQuality "1"]

1. e4 e5 2. Nf3 d6 3. Bc4 g6 4. d3 Bg7 5. Nc3 c6 6. Ng5 Nh6 7. h3 Bf6 8. Nf3 b5 9. Bxb5 cxb5 10. Bxh6 a6 11. O-O Be6 12. Qd2 Nc6 13. Ng5 Bxg5 14. Bxg5 f6 15. Bh6 g5 16. h4 Rg8 17. hxg5 fxg5 18. Qe2 Rg6 19. Qh5 Qf6 20. Nd5 Bxd5 21. exd5 Nd4 22. f4 exf4 23. Rae1+ Kd7 24. Bxg5 Qxg5 25. Qxh7+ Rg7 26. Qh3+ Qg4 27. Qxg4+ Rxg4 28. c3 Nc2 29. Re4 Rf8 30. Rf2 Na1 31. Re1 Rg3 32. Rxa1 Rxd3 33. Raf1 Rxd5 34. Rxf4 Re8 35. c4 Rc5 36. cxb5 axb5 37. b4 Rc4 38. a3 Kc6 39. Rxc4+ bxc4 40. a4 c3 41. Rc1 Re3 42. Kf2 Rd3 43. g4 d5 44. g5 d4 45. g6 Re3 46. g7 Re8 47. Rg1 c2 48. g8=Q Rxg8 49. Rxg8 d3 50. Rc8+ Kd7 51. Rc3 d2 52. Rd3+ Kc7 53. Rc3+ Kb6 54. Rxc2 d1=Q 0-1

[Event "Sherbrooke Perpetuelles 1-6"]
[Site "Sherbrooke CAN"]
[Date "2004.09.17"]
[Round "2"]
[White "Ouellet-Lahaie, Didier"]
[Black "Benic, Goran"]
[Result "1-0"]
[WhiteElo "1667"]
[BlackElo "1800"]
[PlyCount "71"]
[GameId "2160767911217411"]
[EventDate "2004.??.??"]
[EventType "swiss"]
[EventRounds "6"]
[EventCountry "CAN"]
[SourceTitle "EXT 2006"]
[Source "ChessBase"]
[SourceDate "2005.11.24"]
[SourceVersion "1"]
[SourceVersionDate "2005.11.24"]
[SourceQuality "1"]

1. e4 e5 2. Nf3 Nc6 3. Bb5 a6 4. Ba4 Nf6 5. O-O Be7 6. Re1 b5 7. Bb3 O-O 8. a4 b4 9. c3 Rb8 10. d4 bxc3 11. bxc3 exd4 12. cxd4 d5 13. e5 Ne4 14. Bc2 Ng5 15. Bxg5 Bxg5 16. Nc3 Bg4 17. Qd3 g6 18. Nxg5 Qxg5 19. Nxd5 Bf5 20. Qxa6 Bh3 21. Be4 Nxd4 22. Qd3 Bxg2 23. Bxg2 c5 24. Qh3 h5 25. Qe3 Qxe3 26. Nxe3 Rfc8 27. Red1 Ne2+ 28. Kf1 Nf4 29. Be4 Rb2 30. Nd5 Nxd5 31. Bxd5 Kf8 32. a5 c4 33. a6 c3 34. a7 c2 35. Rdc1 Rb1 36. Raxb1 1-0

[Event "Sherbrooke Perpetuelles 1-6"]
[Site "Sherbrooke CAN"]
[Date "2004.09.17"]
[Round "2"]
[White "Pilotte, Benoit"]
[Black "Mercier, Andre"]
[Result "0-1"]
[WhiteElo "1798"]
[BlackElo "1742"]
[PlyCount "48"]
[GameId "2160767911217412"]
[EventDate "2004.??.??"]
[EventType "swiss"]
[EventRounds "6"]
[EventCountry "CAN"]
[SourceTitle "EXT 2006"]
[Source "ChessBase"]
[SourceDate "2005.11.24"]
[SourceVersion "1"]
[SourceVersionDate "2005.11.24"]
[SourceQuality "1"]

1. d4 d5 2. e4 dxe4 3. Nc3 e6 4. f3 e3 5. Bxe3 Nf6 6. Bd3 Nbd7 7. Qe2 Bb4 8. a3 Bxc3+ 9. bxc3 c5 10. Bd2 Qb6 11. f4 cxd4 12. cxd4 Qxd4 13. c3 Qd6 14. c4 Nc5 15. Bc2 b6 16. Rd1 Bb7 17. Bb4 Qc7 18. Nf3 O-O 19. O-O Rad8 20. Bc3 Rxd1 21. Rxd1 Qxf4 22. Rf1 Ng4 23. Be5 Bxf3 24. Rxf3 Qxe5 0-1

[Event "Sherbrooke Perpetuelles 1-6"]
[Site "Sherbrooke CAN"]
[Date "2004.09.17"]
[Round "2"]
[White "Saziouk, Alexandre"]
[Black "Germain, Benoit"]
[Result "0-1"]
[WhiteElo "1749"]
[BlackElo "1539"]
[PlyCount "70"]
[GameId "2160767911217413"]
[EventDate "2004.??.??"]
[EventType "swiss"]
[EventRounds "6"]
[EventCountry "CAN"]
[SourceTitle "EXT 2006"]
[Source "ChessBase"]
[SourceDate "2005.11.24"]
[SourceVersion "1"]
[SourceVersionDate "2005.11.24"]
[SourceQuality "1"]

1. d4 d5 2. c4 e6 3. Nf3 Nf6 4. Nc3 c5 5. Bg5 cxd4 6. Nxd4 Bb4 7. e3 Qa5 8. Bxf6 Bxc3+ 9. Ke2 gxf6 10. bxc3 dxc4 11. Qd2 e5 12. Nc2 Nc6 13. f3 Be6 14. Kf2 Rd8 15. Qe1 Qc5 16. Be2 f5 17. Qc1 f4 18. Rd1 Rxd1 19. Bxd1 O-O 20. Kf1 fxe3 21. Nxe3 f5 22. Bc2 e4 23. f4 b5 24. a3 a5 25. Qe1 b4 26. axb4 axb4 27. Ba4 Ne7 28. cxb4 Qd6 29. g3 Rb8 30. Rb1 Qd3+ 31. Kg2 Nd5 32. Nxd5 Bxd5 33. Kh3 Rb6 34. Kg2 Qf3+ 35. Kg1 e3 0-1

[Event "Sherbrooke Perpetuelles 1-6"]
[Site "Sherbrooke CAN"]
[Date "2004.09.24"]
[Round "3"]
[White "Benoit, Andre"]
[Black "Germain, Emile"]
[Result "1-0"]
[WhiteElo "1384"]
[BlackElo "1517"]
[PlyCount "95"]
[GameId "2160767911217415"]
[EventDate "2004.??.??"]
[EventType "swiss"]
[EventRounds "6"]
[EventCountry "CAN"]
[SourceTitle "EXT 2006"]
[Source "ChessBase"]
[SourceDate "2005.11.24"]
[SourceVersion "1"]
[SourceVersionDate "2005.11.24"]
[SourceQuality "1"]

1. e4 e5 2. Bc4 Nf6 3. Nc3 Nc6 4. f4 exf4 5. d4 d6 6. Bxf4 Ng4 7. Nf3 Be7 8. O-O O-O 9. h3 Nf6 10. d5 Na5 11. Bd3 b6 12. b4 Nb7 13. Nb5 Nh5 14. Bh2 a6 15. Nfd4 Nf6 16. Nc6 Qd7 17. Nbd4 Nd8 18. b5 Nxc6 19. bxc6 Qd8 20. c4 a5 21. e5 Ne8 22. e6 Nf6 23. Bf4 fxe6 24. dxe6 d5 25. Be5 Bc5 26. Kh1 Bxd4 27. Bxd4 Bxe6 28. Bxf6 Rxf6 29. Rxf6 Qxf6 30. Rc1 Rd8 31. Qf3 Qb2 32. Re1 dxc4 33. Bxh7+ Kxh7 34. Qe4+ Kh8 35. Qh4+ Kg8 36. Qxd8+ Kh7 37. Qh4+ Kg8 38. Rxe6 Qc1+ 39. Re1 Qc3 40. Re8+ Kf7 41. Qe7+ Kg6 42. Qxc7 Qc1+ 43. Kh2 c3 44. Qd6+ Kh7 45. Qd3+ g6 46. Re7+ Kh6 47. Qe3+ Qxe3 48. Rxe3 1-0

[Event "Sherbrooke Perpetuelles 1-6"]
[Site "Sherbrooke CAN"]
[Date "2004.09.24"]
[Round "3"]
[White "Germain, Benoit"]
[Black "Vincent, Pascal"]
[Result "1-0"]
[WhiteElo "1539"]
[BlackElo "1316"]
[PlyCount "49"]
[GameId "2160767911217417"]
[EventDate "2004.??.??"]
[EventType "swiss"]
[EventRounds "6"]
[EventCountry "CAN"]
[SourceTitle "EXT 2006"]
[Source "ChessBase"]
[SourceDate "2005.11.24"]
[SourceVersion "1"]
[SourceVersionDate "2005.11.24"]
[SourceQuality "1"]

1. e4 e5 2. Nf3 Nc6 3. Nc3 Nf6 4. Bc4 Bc5 5. d3 O-O 6. Bg5 d6 7. Nd5 Be6 8. Nxf6+ gxf6 9. Bh6 Re8 10. Nh4 Ne7 11. Bxe6 fxe6 12. Qg4+ Ng6 13. Nxg6 Kf7 14. Nh8+ Rxh8 15. Qg7+ Ke8 16. Qxh8+ Kd7 17. Qxd8+ Rxd8 18. O-O f5 19. exf5 exf5 20. Be3 Ke6 21. Bxc5 dxc5 22. Rae1 f4 23. Re4 Rg8 24. Rfe1 Rg5 25. Rxf4 1-0

[Event "Sherbrooke Perpetuelles 1-6"]
[Site "Sherbrooke CAN"]
[Date "2004.09.24"]
[Round "3"]
[White "Jolin, Fernand"]
[Black "Courteau, Bernard"]
[Result "0-1"]
[WhiteElo "1441"]
[BlackElo "1574"]
[PlyCount "94"]
[GameId "2160767911217418"]
[EventDate "2004.??.??"]
[EventType "swiss"]
[EventRounds "6"]
[EventCountry "CAN"]
[SourceTitle "EXT 2006"]
[Source "ChessBase"]
[SourceDate "2005.11.24"]
[SourceVersion "1"]
[SourceVersionDate "2005.11.24"]
[SourceQuality "1"]

1. Nf3 d5 2. d4 Bf5 3. e3 e6 4. c4 Bb4+ 5. Bd2 Be7 6. c5 Nf6 7. Nh4 Bg4 8. Nf3 Nbd7 9. h3 Bh5 10. Be2 Ne4 11. Nc3 Ndf6 12. Nxe4 Nxe4 13. O-O O-O 14. Ne5 Bg6 15. Nxg6 fxg6 16. Bf3 Bh4 17. Bxe4 dxe4 18. Qg4 Rf5 19. Qxe4 Qf6 20. f4 Rf8 21. Qxb7 g5 22. Qxc7 Bg3 23. Qd6 Rd5 24. Qc7 gxf4 25. Rf3 g5 26. Raf1 Rf5 27. Qxa7 g4 28. hxg4 Qh4 29. Rxg3 fxg3 30. Rf4 Qh2+ 31. Kf1 Qh1+ 32. Ke2 Qxg2+ 33. Kd3 Rxf4 34. exf4 Qf3+ 35. Be3 g2 36. Kd2 Qxe3+ 37. Kxe3 g1=Q+ 38. Kd3 Qxg4 39. Qd7 Qd1+ 40. Kc3 Qc1+ 41. Kd3 Qf1+ 42. Kc3 Qf3+ 43. Kc4 Qe2+ 44. Kc3 Qe3+ 45. Kc2 Rxf4 46. Qc8+ Rf8 47. Qd7 Rf2+ 0-1

[Event "Sherbrooke Perpetuelles 1-6"]
[Site "Sherbrooke CAN"]
[Date "2004.09.24"]
[Round "3"]
[White "Mercier, Andre"]
[Black "Lopez, Jose"]
[Result "1-0"]
[WhiteElo "1742"]
[BlackElo "1802"]
[PlyCount "105"]
[GameId "2160767911217419"]
[EventDate "2004.??.??"]
[EventType "swiss"]
[EventRounds "6"]
[EventCountry "CAN"]
[SourceTitle "EXT 2006"]
[Source "ChessBase"]
[SourceDate "2005.11.24"]
[SourceVersion "1"]
[SourceVersionDate "2005.11.24"]
[SourceQuality "1"]

1. e4 d5 2. exd5 Qxd5 3. Nc3 Qa5 4. d4 Nf6 5. Bd3 Bg4 6. f3 Bh5 7. Nge2 e6 8. Bd2 c6 9. Ne4 Qd8 10. c3 Nbd7 11. Nf4 Nxe4 12. Bxe4 Bd6 13. Qb3 Rb8 14. O-O-O Bg6 15. Bxg6 hxg6 16. Nxe6 fxe6 17. Qxe6+ Qe7 18. Qxg6+ Kf8 19. Bg5 Nf6 20. Rde1 Qf7 21. Qxf7+ Kxf7 22. Bxf6 Kxf6 23. h3 Rbe8 24. Kd2 Bg3 25. Re4 g5 26. Kd3 Re7 27. Rg4 Bc7 28. h4 gxh4 29. Rhxh4 Rxh4 30. Rxh4 Rg7 31. g4 Kg6 32. Rh8 Rf7 33. Ke2 Bf4 34. Re8 Bc1 35. b3 Bb2 36. Re3 Bc1 37. Re6+ Kg5 38. c4 Rd7 39. Kd3 Bb2 40. Re4 Rf7 41. Ke2 Rd7 42. Kd3 Kh4 43. Ke3 Kg3 44. g5 Bc1+ 45. Ke2 Rg7 46. Rg4+ Kh3 47. g6 Ba3 48. Kf2 Be7 49. Rg1 Bh4+ 50. Ke3 Bg3 51. f4 Rxg6 52. Kf3 Rg4 53. Rh1+ 1-0

[Event "Sherbrooke Perpetuelles 1-6"]
[Site "Sherbrooke CAN"]
[Date "2004.09.24"]
[Round "3"]
[White "Saziouk, Alexandre"]
[Black "Grenier, Jean-Pierre"]
[Result "1-0"]
[WhiteElo "1749"]
[BlackElo "1586"]
[PlyCount "95"]
[GameId "2160767911217421"]
[EventDate "2004.??.??"]
[EventType "swiss"]
[EventRounds "6"]
[EventCountry "CAN"]
[SourceTitle "EXT 2006"]
[Source "ChessBase"]
[SourceDate "2005.11.24"]
[SourceVersion "1"]
[SourceVersionDate "2005.11.24"]
[SourceQuality "1"]

1. d4 d5 2. c4 e6 3. Nc3 Nf6 4. e3 Be7 5. Bd3 dxc4 6. Bxc4 b6 7. Nf3 Bb7 8. O-O O-O 9. Qe2 a6 10. a3 b5 11. Ba2 Nbd7 12. b4 Nb6 13. e4 h6 14. Rd1 c6 15. Ne5 Qc7 16. Nd3 Rfd8 17. Bf4 Qc8 18. Nc5 Ne8 19. Be3 Nd6 20. Qg4 Kh7 21. e5 Nf5 22. Qe4 Kh8 23. Bb1 h5 24. h3 Nd5 25. Nxd5 cxd5 26. Qd3 g6 27. Qd2 Bxc5 28. bxc5 Nxe3 29. Qxe3 Kh7 30. Qg5 Rh8 31. Qxh5+ Kg7 32. Qf3 Qd8 33. Qg3 Bc6 34. f4 Qh4 35. Qf3 Qh5 36. Qf1 Rag8 37. Rd3 Qh4 38. Rf3 Kf8 39. Bd3 g5 40. fxg5 Qxd4+ 41. Kh1 Qxe5 42. Re1 Qc7 43. g6 Rg7 44. Rxe6 Kg8 45. Rxf7 Rxf7 46. Qxf7+ Qxf7 47. gxf7+ Kxf7 48. Rxc6 1-0

[Event "Sherbrooke Perpetuelles 1-6"]
[Site "Sherbrooke CAN"]
[Date "2004.09.24"]
[Round "3"]
[White "Viens, Nicolas"]
[Black "Robitaille, Michael"]
[Result "1-0"]
[WhiteElo "1340"]
[BlackElo "976"]
[PlyCount "43"]
[GameId "2160767911217423"]
[EventDate "2004.??.??"]
[EventType "swiss"]
[EventRounds "6"]
[EventCountry "CAN"]
[SourceTitle "EXT 2006"]
[Source "ChessBase"]
[SourceDate "2005.11.24"]
[SourceVersion "1"]
[SourceVersionDate "2005.11.24"]
[SourceQuality "1"]

1. c4 e5 2. Nc3 h6 3. Nf3 Nc6 4. e3 Bd6 5. d4 exd4 6. exd4 Nce7 7. c5 Bxc5 8. dxc5 Ng6 9. Bc4 Qf6 10. Nd5 Qe6+ 11. Be3 Qe4 12. b3 N8e7 13. Nxc7+ Kf8 14. Nxa8 b6 15. Nc7 bxc5 16. O-O Nh4 17. Nxh4 Qxh4 18. Qf3 f6 19. Bxc5 d6 20. Bxd6 Bg4 21. Qd5 Qg5 22. Qf7# 1-0

[Event "Sherbrooke Perpetuelles 1-6"]
[Site "Sherbrooke CAN"]
[Date "2004.10.08"]
[Round "4"]
[White "Benoit, Andre"]
[Black "Jolin, Fernand"]
[Result "0-1"]
[WhiteElo "1384"]
[BlackElo "1441"]
[PlyCount "83"]
[GameId "2160767911217424"]
[EventDate "2004.??.??"]
[EventType "swiss"]
[EventRounds "6"]
[EventCountry "CAN"]
[SourceTitle "EXT 2006"]
[Source "ChessBase"]
[SourceDate "2005.11.24"]
[SourceVersion "1"]
[SourceVersionDate "2005.11.24"]
[SourceQuality "1"]

1. f4 Nf6 2. Nf3 g6 3. Nc3 Bg7 4. e4 d6 5. Bc4 e6 6. d4 O-O 7. O-O Nbd7 8. h3 Nb6 9. Bd3 c5 10. e5 dxe5 11. dxc5 Nbd5 12. fxe5 Nxc3 13. bxc3 Nd7 14. Ba3 Nxe5 15. c6 Re8 16. Qe1 Nxf3+ 17. Rxf3 Qb6+ 18. Kh1 Qxc6 19. Be4 Qa4 20. Bb2 Rb8 21. Qg3 e5 22. Qh4 Be6 23. Bc1 f5 24. Bh6 Qxe4 25. Qg5 f4 26. h4 Bxh6 27. Qxh6 Bg4 28. Rd3 f3 29. Re3 fxg2+ 30. Kg1 Qf4 31. Qxf4 exf4 32. Rxe8+ Rxe8 33. Kxg2 Re2+ 34. Kf1 Rxc2 35. Rb1 b6 36. Re1 Rxc3 37. Re4 Bh3+ 38. Kf2 Rc2+ 39. Kf3 Bg2+ 40. Kxf4 Bxe4 41. Kxe4 Rxa2 42. Kf4 0-1

[Event "Sherbrooke Perpetuelles 1-6"]
[Site "Sherbrooke CAN"]
[Date "2004.10.08"]
[Round "4"]
[White "Vincent, Pascal"]
[Black "Courteau, Bernard"]
[Result "1/2-1/2"]
[WhiteElo "1316"]
[BlackElo "1574"]
[PlyCount "59"]
[GameId "2160767911217426"]
[EventDate "2004.??.??"]
[EventType "swiss"]
[EventRounds "6"]
[EventCountry "CAN"]
[SourceTitle "EXT 2006"]
[Source "ChessBase"]
[SourceDate "2005.11.24"]
[SourceVersion "1"]
[SourceVersionDate "2005.11.24"]
[SourceQuality "1"]

1. d4 Nf6 2. c4 e6 3. Nc3 d5 4. Nf3 c6 5. Bg5 Nbd7 6. e4 dxe4 7. Nxe4 Qa5+ 8. Bd2 Bb4 9. Qc2 Nxe4 10. Qxe4 Nf6 11. Qe5 Bxd2+ 12. Nxd2 Qxe5+ 13. dxe5 Nd7 14. f4 a5 15. O-O-O Nc5 16. g4 Ke7 17. Kc2 Bd7 18. Bg2 Ra7 19. Ne4 Nxe4 20. Bxe4 c5 21. Rd6 b5 22. Bc6 bxc4 23. Bxd7 Rxd7 24. Rhd1 Rb7 25. Kc3 Rhb8 26. R1d2 Ke8 27. f5 exf5 28. gxf5 Rb6 29. Rxb6 Rxb6 30. Rd5 1/2-1/2